U.S. City By Skyscraper - Picture Quiz - Statistics

General Stats
  • This quiz has been taken 299 times
  • The average score is 12 of 25
Answer Stats
Picture Hint Answer % Correct
Las Vegas, New York New York
88%
New York City, Chrysler Building
85%
San Francisco, Transamerica
79%
Philadelphia, Liberty Place
66%
Miami, Freedom Tower
63%
Chicago, Marina City (A.K.A. the corn cobs)
60%
Nashville, AT&T Building
58%
(No longer carries the Modis name) Jacksonville, Wells Fargo
55%
Boston, John Hancock Tower (AKA 200 Clarendon)
52%
Los Angeles City Hall
49%
Pittsburgh, PPG Place
49%
Houston, TC Energy Center
45%
2nd tallest building in the world in 1927 Cleveland, Terminal Tower
44%
Albany, Erastus Corning Tower / Empire State Plaza
43%
Denver, Wells Fargo Center
43%
Mobile, RSA Battle House Tower
42%
Has a virtual twin in another city Atlanta, Westin Peachtree Plaza
37%
Minneapolis, AT&T Tower
31%
The whales on this building were covered over on November 16, 2021. Detroit, Broderick Building
30%
San Diego, Emerald Plaza
30%
New Orleans, Plaza Tower / Crescent City
29%
Cincinnati, PNC Tower
28%
Austin, Frost Tower
26%
Portland, KOIN Tower
26%
Rochester, Times Square Building
15%
No matching quizzes found
Score Distribution
Percent of People with Each Score
Percentile by Number Answered
Your Score History
You have not taken this quiz